Topogénesis: fundamentos de una nueva arquitectura
Na minha lista:
| Autor principal: | |
|---|---|
| Formato: | Livro |
| Idioma: | espanhol |
| Publicado em: |
Barcelona
UPC
2009
|
| Edição: | 1a. ed |
| Colecção: | Arquitectonics: Mind, Land and Society, 18
|
| Assuntos: | |
| Tags: |
Adicionar Tag
Sem tags, seja o primeiro a adicionar uma tag!
|
MARC
| LEADER | 00000nam a2200000 a 4500 | ||
|---|---|---|---|
| 001 | UCH3680 | ||
| 003 | CL-VaPUC | ||
| 008 | 090813e20090000sp |||||||||||||||||spa|d | ||
| 020 | |a 9788498803624 | ||
| 082 | 0 | 4 | |a 720.1 |b MUN |2 21 |
| 100 | |a Muntañola i Thornberg, Josep |e autor |9 483792 | ||
| 245 | 1 | 0 | |a Topogénesis: fundamentos de una nueva arquitectura |
| 250 | |a 1a. ed | ||
| 300 | |a 176 p | ||
| 942 | |c BK | ||
| 945 | |d 20090813 00:00:00 |a cmena | ||
| 260 | |a Barcelona |b UPC |c 2009 | ||
| 650 | 0 | |a Filosofía de la arquitectura |9 267382 | |
| 650 | 0 | |a Estética |9 264950 | |
| 650 | 7 | |a TEORIA DE LA ARQUITECTURA |2 CL-VaPUC |9 483680 | |
| 583 | |a last modification |c 20171221 11:10:14 |k Rodrigo Vera | ||
| 490 | 0 | |a Arquitectonics: Mind, Land and Society, 18 | |
| 999 | |c 335157 |d 335155 | ||
| 952 | |0 0 |1 0 |4 0 |6 720_100000000000000_MUN_2009 |7 0 |8 A |9 424816 |a BIBARQ |b BIBARQ |d 2019-11-22 |i 4588592 |o 720.1 MUN 2009 |p 4588592 |r 2025-01-20 |w 2019-11-22 |y BK |k ARQ | ||
| 952 | |0 0 |1 0 |4 0 |6 720_100000000000000_MUN_2009 |7 0 |8 A |9 424817 |a BIBARQ |b BIBARQ |d 2019-11-22 |i 4588584 |o 720.1 MUN 2009 |p 4588584 |r 2025-01-20 |w 2019-11-22 |y BK |k ARQ | ||